The theory of corporate finance
שמור ב:
| מחבר ראשי: | |
|---|---|
| פורמט: | ספר |
| שפה: | אנגלית |
| יצא לאור: |
Princeton
Princeton University
2006
|
| מהדורה: | 1a. ed |
| נושאים: | |
| תגים: |
הוספת תג
אין תגיות, היה/י הראשונ/ה לתייג את הרשומה!
|
MARC
| LEADER | 00000nam a2200000 a 4500 | ||
|---|---|---|---|
| 001 | UCJ9036 | ||
| 003 | CL-VaPUC | ||
| 008 | 070302e20060000us |||||||||||||||||eng|d | ||
| 020 | |a 0691125562 | ||
| 082 | 0 | 4 | |a 338.43 |b TIR |2 21 |
| 100 | 0 | |a Tirole, Jean |e author |9 518927 | |
| 245 | 1 | 4 | |a The theory of corporate finance |
| 250 | |a 1a. ed | ||
| 300 | |a 644 p | ||
| 942 | |c BK | ||
| 945 | |d 20070302 00:00:00 |a cmena | ||
| 260 | |a Princeton |b Princeton University |c 2006 | ||
| 650 | 0 | |a Empresas |9 255569 | |
| 650 | 0 | |a Administración financiera |9 261146 | |
| 650 | 0 | |a Planificación estratégica |9 259735 | |
| 650 | 0 | |a Finanzas |9 260832 | |
| 583 | |a last modification |c 20171205 02:05:31 |k Rodrigo Vera | ||
| 999 | |c 324675 |d 324673 | ||
| 952 | |0 0 |1 0 |4 0 |6 338_430000000000000_TIR_2006 |7 0 |8 A |9 404966 |a BIBGIM |b BIBGIM |d 2019-11-22 |i 4315375 |o 338.43 TIR 2006 |p 4315375 |r 2025-01-15 |w 2019-11-22 |y BK |k COM | ||
| 952 | |0 0 |1 0 |4 0 |6 338_430000000000000_TIR_2006 |7 0 |8 A |9 404967 |a BIBGIM |b BIBGIM |d 2019-11-22 |i 4520858 |o 338.43 TIR 2006 |p 4520858 |r 2025-01-15 |w 2019-11-22 |y BK |k COM | ||